02073nam a2200361 a 4500001001000000003000900010005001700019007001000036008004100046040002200087092002500109110002700134240001900161245009600180260003600276300002100312505071100333650006101044650004001105650003801145650004601183650003101229710007601260910003701336942001201373945003401385952012001419956003901539956003901578956004001617956003901657999001501696000024110DO-SdBNP20180327111708.0000024110110119s1994 dr 001 0 spa d aBPMSUbspacBPMSU a323.352bR426c, 19941 aRepública Dominicana10a[Leyes, etc.].10aCódigo para la protección de niños, niñas y adolescentes y normativa internacional. aSanto Domingo :bUNICEF,c1994. a286 p. ;c27 cm.0 gPresentacióntCódigo para la protección de niños, niñas y adolescentes --tConvención sobre los derechos del niño, aprobada por la Asamblea General de las Naciones Unidas el 20 de Noviembre de 1989 --tReglas de Beijing, reglas mínimas de las Asamblea General de las Naciones Unidas para la administración de la justicia de menores --tProtección de los menores privados de libertad --tDirectrices de la RIAD, directrices de las Naciones Unidas para la prevención de la delincuencia juvenil --tApéndice: Convención sobre la eliminación de todas las formas de discriminación contra la mujer, aprobada por la Asamblea General de las Naciones Unidas el 16 de diciembre de 1979. 4aADMINISTRACIÓN DE JUSTICIA PARA MENORESxLEGISLACIÓN 4aASISTENCIA PÚBLICAxLEGISLACIÓN 4aDERECHO DE FAMILIAxLEGISLACIÓN 4aTRABAJO SOCIAL CON NIÑOSxLEGISLACIÓN 4aNIÑOSxSITUACIÓN LEGAL2 aFondo de las Naciones Unidas para la Infancia (República Dominicana). aValidado. Control de calidad EMS 2ddccBK aRemenejado para la BNPHU / BT 00102ddc40708CDaBPMETbBPMETd2015-04-10l0o323.352 R426c 1994pBPMSU15041272r2015-04-10w2015-04-10yBK aIGARCIAb10c20110119lBND01h0951 aNMORDANb10c20110201lBND01h0941 aEMARREROb40c20120925lBND01h2249 aVMATEOb10c20150914lBPMSUh00151 c7603d7603